The temple of Derr
محفوظ في:
المؤلف الرئيسي:
التنسيق: كتاب
اللغة: Undetermined
منشور في:
Le Caire
Impr. de l'Institut français d'archéologie orientale, Le Caire
1913
الموضوعات:
الوسوم: إضافة وسم
لا توجد وسوم, كن أول من يضع وسما على هذه التسجيلة!
رقم الطلب: (R) DT135 .N8T5
| LEADER | 00653nam a2200169Ia 4500 | ||
|---|---|---|---|
| 008 | 221002s9999||||xx |||||||||||||| ||und|| | ||
| 050 | 4 | |a (R) DT135 .N8T5 | |
| 100 | 1 | |a Aylward M. Blackman | |
| 245 | 1 | 4 | |a The temple of Derr |
| 264 | 1 | |a Le Caire |b Impr. de l'Institut français d'archéologie orientale, Le Caire |c 1913 | |
| 300 | |a 131 p |b 131 pages 71 plates (including illus |c 35 cm | ||
| 650 | 4 | |a Ed Diwān (Egypt). Temple | |
| 650 | 4 | |a Excavations (Archaeology) Nubia | |
| 650 | 4 | |a Ed Diwān, Egypt. Temple | |
| 942 | |2 lcc |c BK | ||
| 952 | |0 0 |1 0 |2 lcc |4 0 |7 1 |9 43028 |a ARCE |b ARCE |d 2022-10-02 |l 0 |o (R) DT135 .N8T5 |r 2022-10-02 00:00:00 |w 2022-10-02 |y BK | ||
| 999 | |c 49584 |d 49584 | ||
